| 000 | 00764nam a22001817a 4500 | ||
|---|---|---|---|
| 008 | 110717s2004 sj|||||r|||| 000 0 ara d | ||
| 020 | _a99942540012 | ||
| 082 |
_222 _a243 _bش ق ف |
||
| 100 |
_926296 _aشقف، بحر الدين عوض |
||
| 245 |
_aالتصوير البيئي للمعاد في دحض العناد / _cبحر الدين عوض شقف |
||
| 260 |
_aالخرطوم : _bدار عزة، 2004 _c2004 |
||
| 300 |
_a310 ص ؛ _c24 سم |
||
| 504 | _aيشتمل على إرجاعات ببليوجرافية ص 309-310 | ||
| 650 |
_926297 _aالبعث (الإسلام) |
||
| 653 |
_bGeneral _cJuly2011 |
||
| 942 |
_2ddc _cBB |
||
| 999 |
_c15692 _d15692 |
||